000 00218nam a22000977a 4500
008 170125b xxu||||| |||| 00| 0 eng d
041 _aeng
080 _23RD
_a618.2
245 _aUROLOGY
_cMACFARLANE, M.T
942 _2udc
_cBK
999 _c3579
_d3579